[Event "Corr"]
[Site "?"]
[Date "1999.06.30"]
[Round "?"]
[White "Kofidis Spyros (GRC)"]
[Black "Samarin Igor Valerievich (R"]
[Result "0-1"]
[WhiteElo "2592"]
[BlackElo "2535"]
[PlyCount "48"]
[EventDate "1999.??.??"]
[Source "www.chesslib.no"]
[SourceDate "2004.05.04"]

1. e4 c5 2. Nf3 e6 3. d4 cxd4 4. Nxd4 Nc6 5. Nb5 d6 6. c4 Nf6 7. N1c3 a6 8. Na3 Be7 9. Be2 O-O 10. O-O b6 11. Be3 Ne5 12. f3 Bb7 13. Qe1 Qc7 14. Qf2 Ned7 15. Rfd1 Rac8 16. Rac1 Bd8 17. b4 Qb8 18. Na4 Ba8 19. g4 Ne8 20. Nxb6 Bxb6 21. c5 Bd8 22. Bxa6 Rc7 23. Nc4 dxc5 24. bxc5 Be7 0-1

[Event "Sao Paulo 84/(141)"]
[Site "?"]
[Date "2002.??.??"]
[Round "?"]
[White "Morovic Fernandez, I."]
[Black "Leitao, R."]
[Result "1/2-1/2"]
[WhiteElo "2554"]
[BlackElo "2571"]
[PlyCount "47"]
[EventDate "2002.??.??"]
[Source "Chess Informant"]
[SourceDate "2002.02.01"]

1. e4 c5 2. Nf3 e6 3. d4 cxd4 4. Nxd4 Nc6 5. Nb5 d6 6. c4 Nf6 7. N1c3 a6 8. Na3 Be7 9. Be2 b6 10. O-O Bb7 11. Be3 Nb8 12. f3 Nbd7 13. Qd2 O-O 14. Rfd1 Qc7 15. Rac1 Rad8 16. Bf1 Qb8 17. Nc2 Rfe8 18. Kh1 d5 19. cxd5 exd5 20. exd5 Bd6 21. g3 b5 22. a3 Qa8 23. Bg2 Ne5 24. Rb1 1/2-1/2

[Event "Cacak"]
[Site "Cacak"]
[Date "1996.??.??"]
[Round "9"]
[White "Leko, Peter"]
[Black "Paunovic, Dragan"]
[Result "1/2-1/2"]
[WhiteElo "2630"]
[BlackElo "2495"]
[PlyCount "112"]
[EventDate "1996.11.??"]
[Source "ChessBase"]
[SourceDate "1997.04.10"]

1. e4 c5 2. Nf3 e6 3. d4 cxd4 4. Nxd4 Nc6 5. Nb5 d6 6. Bf4 e5 7. Be3 a6 8. N5c3 Nf6 9. Bg5 Be7 10. Nd2 O-O 11. Nc4 Nd4 12. Ne3 Be6 13. Bd3 Rc8 14. O-O h6 15. Bxf6 Bxf6 16. Ncd5 Bg5 17. c3 Nc6 18. Bc2 Bxe3 19. Nxe3 Na5 20. Bb3 Nxb3 21. axb3 Qb6 22. b4 Qc6 23. Qd3 Bc4 24. Nxc4 Qxc4 25. Rfd1 Qxd3 26. Rxd3 Rfd8 27. Rad1 Rc6 28. g3 f6 29. Kg2 Kf7 30. f4 exf4 31. gxf4 Rc4 32. Kf3 Re8 33. Rd4 Rxd4 34. Rxd4 Ke7 35. f5 Rg8 36. Rd5 Kd7 37. h4 g5 38. fxg6 Rxg6 39. b5 Rg1 40. Rh5 Rb1 41. Rxh6 axb5 42. Rh7+ Ke6 43. b4 Rc1 44. Rc7 Rh1 45. Kg3 b6 46. Rc6 Re1 47. Kf4 Rh1 48. Rxb6 Rxh4+ 49. Ke3 Rh5 50. Kd4 Re5 51. Rb8 Ke7 52. Rb7+ Ke6 53. c4 bxc4 54. Rc7 Rb5 55. Kxc4 Re5 56. Kd4 Rb5 1/2-1/2

[Event "Beersheba"]
[Site "Beersheba"]
[Date "1996.??.??"]
[Round "10"]
[White "Shmuter, Leonid"]
[Black "Yudasin, Leonid"]
[Result "1/2-1/2"]
[WhiteElo "2490"]
[BlackElo "2635"]
[PlyCount "119"]
[EventDate "1996.03.??"]
[Source "ChessBase"]

1. e4 c5 2. Nf3 e6 3. d4 cxd4 4. Nxd4 Nc6 5. Nb5 d6 6. c4 Nf6 7. N1c3 a6 8. Na3 Be7 9. Be2 b6 10. Be3 Bb7 11. Qb3 Nd7 12. O-O O-O 13. Rfd1 Nc5 14. Qc2 Qc7 15. Rac1 Rfd8 16. Qd2 Rac8 17. Bf4 Ne5 18. Qe3 Qb8 19. Bg3 Qa8 20. f3 Qb8 21. Kh1 Kh8 22. Nc2 Ncd7 23. b3 Qc7 24. f4 Ng6 25. Nd4 Ndf8 26. f5 Ne5 27. Rf1 Bf6 28. fxe6 fxe6 29. Rxf6 gxf6 30. Bh4 Qf7 31. Rf1 Nfd7 32. Qh3 Re8 33. Bg3 Re7 34. Bh5 Qg8 35. Bh4 Ng6 36. Bxg6 Qxg6 37. Nxe6 Rg8 38. Nf4 Qg4 39. Qxg4 Rxg4 40. Bg3 Bxe4 41. Kg1 Bb7 42. Rd1 Re3 43. Rxd6 Rxc3 44. Rxd7 Rc1+ 45. Kf2 Rc2+ 46. Ke3 Rg7 47. Rd6 Re7+ 48. Ne6 Kg8 49. Kd3 Rxa2 50. Rxb6 Bxg2 51. Nc5 f5 52. Nxa6 Rb7 53. Rxb7 Bxb7 54. Nc5 Bg2 55. b4 Ra1 56. b5 Bf1+ 57. Kc3 Rc1+ 58. Kd2 Rxc4 59. b6 Rxc5 60. b7 1/2-1/2

[Event "XXXIII Open"]
[Site "Sevilla ESP"]
[Date "2008.01.12"]
[Round "9"]
[White "Spraggett, K."]
[Black "Aroshidze, L."]
[Result "1-0"]
[WhiteElo "2588"]
[BlackElo "2535"]
[PlyCount "85"]
[EventDate "2008.01.05"]
[Source "www.chesslib.no"]
[SourceDate "2004.05.04"]

1. e4 c5 2. Nf3 e6 3. d4 cxd4 4. Nxd4 Nc6 5. Nb5 d6 6. c4 Nf6 7. N5c3 Be7 8. Be2 O-O 9. O-O b6 10. Bf4 Bb7 11. Re1 Ne5 12. Nd2 Rc8 13. Rc1 Qc7 14. Bf1 a6 15. a3 Qb8 16. Bg3 Rfe8 17. b4 Nfd7 18. f4 Ng6 19. Nf3 Rc7 20. Qd2 Qa8 21. Bd3 Rec8 22. h3 Qb8 23. Kh1 Re8 24. Rc2 Rcc8 25. Qe3 Bd8 26. Rcc1 Bc7 27. Bf1 d5 28. cxd5 Nxf4 29. dxe6 Rxe6 30. Nd4 Rg6 31. Nf5 Re8 32. Bh4 Nf6 33. Qf3 h6 34. Rcd1 Kh8 35. Nd5 Rxe4 36. Rxe4 N6xd5 37. Red4 Qa8 38. Bg3 Rxg3 39. Nxg3 g6 40. Qf2 Kg7 41. Ne4 Nh5 42. Rxd5 Bxd5 43. Qd4+ 1-0

[Event "Capablanca mem Elite 36th"]
[Site "Havana"]
[Date "2001.05.05"]
[Round "1"]
[White "Abreu, Aryam"]
[Black "Andersson, Ulf"]
[Result "1/2-1/2"]
[WhiteElo "2480"]
[BlackElo "2640"]
[PlyCount "69"]
[EventDate "2001.05.05"]
[Source "ChessBase"]
[SourceDate "2001.09.13"]

1. e4 c5 2. Nf3 e6 3. d4 cxd4 4. Nxd4 Nc6 5. Nb5 d6 6. c4 Nf6 7. N1c3 a6 8. Na3 Be7 9. Be2 O-O 10. O-O b6 11. Be3 Bb7 12. Rc1 Re8 13. Qb3 Nd7 14. Rfd1 Rc8 15. Qc2 Bf8 16. Qd2 Ba8 17. f3 Qc7 18. Ncb5 axb5 19. cxb5 Qb8 20. bxc6 Rxc6 21. Bb5 Rxc1 22. Rxc1 Rd8 23. Bf4 Ne5 24. Qc3 f6 25. Nc4 Rc8 26. Bxe5 dxe5 27. Bd7 Rc7 28. Bxe6+ Kh8 29. Qd2 b5 30. Rd1 bxc4 31. Qd8 Rb7 32. Bc8 Kg8 33. Be6+ Kh8 34. Bc8 Kg8 35. Be6+ 1/2-1/2

[Event "Moskva (open)"]
[Site "?"]
[Date "1992.??.??"]
[Round "?"]
[White "Kuzmin, G."]
[Black "Kurajica, B."]
[Result "1/2-1/2"]
[WhiteElo "2530"]
[BlackElo "2590"]
[PlyCount "38"]
[EventDate "1992.??.??"]
[Source "ChessBase"]
[SourceDate "1992.10.01"]

1. e4 c5 2. Nf3 e6 3. d4 cxd4 4. Nxd4 Nc6 5. Nb5 d6 6. c4 a6 7. N5c3 Nf6 8. g3 Rb8 9. Na3 Qa5 10. Bd2 Qb6 11. Rb1 Ne5 12. Qe2 Be7 13. Bg2 O-O 14. O-O Qc7 15. Rbc1 b6 16. f4 Ng6 17. Bf3 Nd7 18. h4 Bf6 19. Be3 Bb7 1/2-1/2

[Event "XI Festival"]
[Site "Voronezh RUS"]
[Date "2007.06.21"]
[Round "9"]
[White "Kryakvin, D."]
[Black "Vorobiov, E."]
[Result "1/2-1/2"]
[WhiteElo "2539"]
[BlackElo "2580"]
[PlyCount "54"]
[EventDate "2007.06.12"]
[Source "www.chesslib.no"]
[SourceDate "2004.05.04"]

1. e4 c5 2. Nf3 e6 3. d4 cxd4 4. Nxd4 Nc6 5. Nb5 d6 6. Bf4 e5 7. Be3 Be7 8. N1c3 Nf6 9. Bg5 a6 10. Bxf6 gxf6 11. Na3 f5 12. Bd3 fxe4 13. Bxe4 O-O 14. g4 Kh8 15. Nd5 f5 16. gxf5 Bxf5 17. Qd3 Bxe4 18. Qxe4 Bg5 19. c3 Ne7 20. Nc4 Nxd5 21. Qxd5 Qf6 22. Rf1 Qg6 23. Rd1 b5 24. Nd2 Bxd2+ 25. Rxd2 Rad8 26. Qd3 Qe6 27. Qd5 Qg6 1/2-1/2

[Event "Wijk op"]
[Site "Wijk aan Zee"]
[Date "1993.??.??"]
[Round "9"]
[White "Nijboer, Friso"]
[Black "Hansen, Curt"]
[Result "1/2-1/2"]
[WhiteElo "2505"]
[BlackElo "2610"]
[PlyCount "56"]
[EventDate "1993.01.??"]
[Source "ChessBase"]

1. e4 c5 2. Nf3 e6 3. d4 cxd4 4. Nxd4 Nc6 5. Nb5 d6 6. c4 Nf6 7. N1c3 a6 8. Na3 Be7 9. Be2 O-O 10. O-O b6 11. Be3 Bb7 12. Qb3 Nd7 13. Rfd1 Nc5 14. Qc2 Qc7 15. Qd2 Rfd8 16. Nc2 Rac8 17. Rac1 Qb8 18. Qe1 Bf6 19. f3 Be5 20. Kh1 Ne7 21. Nd4 a5 22. Qf2 d5 23. cxd5 exd5 24. exd5 Nxd5 25. Nxd5 Rxd5 26. Nf5 Bf6 27. Rxd5 Bxd5 28. b3 Qe5 1/2-1/2

[Event "WchT 3rd"]
[Site "Luzern"]
[Date "1993.??.??"]
[Round "6"]
[White "Minasian, Artashes"]
[Black "Eingorn, Vereslav S"]
[Result "1/2-1/2"]
[WhiteElo "2535"]
[BlackElo "2580"]
[PlyCount "79"]
[EventDate "1993.10.??"]
[Source "ChessBase"]

1. e4 c5 2. Nf3 e6 3. d4 cxd4 4. Nxd4 Nc6 5. Nb5 d6 6. c4 Nf6 7. N1c3 a6 8. Na3 b6 9. Be3 Bb7 10. Be2 Nb8 11. f3 Nbd7 12. O-O Be7 13. Qd2 O-O 14. Rfd1 Qc7 15. Rac1 Rac8 16. Bf1 Qb8 17. Kh1 Rfe8 18. Qf2 Bd8 19. Rc2 Bc7 20. Rcd2 d5 21. cxd5 exd5 22. exd5 Bxh2 23. d6 Bg3 24. Qxg3 Rxe3 25. Nc4 Re6 26. Qf2 b5 27. Ne3 Rc5 28. Kg1 g6 29. Rd4 Qf8 30. Qd2 Qd8 31. a4 Qb6 32. axb5 axb5 33. Qf2 Ree5 34. Ng4 Nxg4 35. Rxg4 Bc6 36. Rb4 Qa5 37. Rdd4 Qa1 38. Rd1 Qa5 39. Rdd4 Qa1 40. Rd1 1/2-1/2

[Event "open"]
[Site "Kavala"]
[Date "2004.08.04"]
[Round "6"]
[White "Lupulescu, Constantin"]
[Black "Perunovic, Milos"]
[Result "1-0"]
[WhiteElo "2555"]
[BlackElo "2555"]
[PlyCount "63"]
[EventDate "2004.07.31"]
[Source "Roberto Alvarez"]
[SourceDate "2004.08.17"]

1. e4 c5 2. Nf3 e6 3. d4 cxd4 4. Nxd4 Nc6 5. Nb5 d6 6. c4 Nf6 7. N1c3 a6 8. Na3 Be7 9. Be2 b6 10. Be3 O-O 11. O-O Bb7 12. f3 Ne5 13. Qd4 Ned7 14. Rfd1 Rc8 15. Rac1 Qc7 16. Bf1 Qb8 17. Qd2 Bd8 18. Kh1 Bc7 19. Bf4 Ne5 20. b4 Rfd8 21. Bxe5 dxe5 22. Qe3 Rxd1 23. Rxd1 Rd8 24. Rb1 Rd4 25. b5 a5 26. c5 Qf8 27. cxb6 Bxb6 28. Nc4 Bc5 29. Qc1 Qd8 30. b6 Nh5 31. Nxa5 Rd2 32. Ne2 1-0